• 首页
  • 本馆介绍
  • 公告通知
  • 最新文献
  • 馆藏检索
  • 电子资源
  • 读者导购
  • 参考咨询
  • 我的图书馆
  • 登录
  • 详细信息显示
  • 放入我的书架
  • 预约/预借图书
  • 作者相关作品
  • 分类相关作品
  • 丛书相关作品
  • 出版社相关作品

书目信息

  • 表格格式
  • 工作单格式
  • 卡片格式
题名:
漫威大战DC
    
 
作者: 塔克 著 ;付博文 , 陈小立 译
分册:  
出版信息: 北京   中信出版社  2020
页数: 398页
开本: 21cm
丛书名:
单 册:
中图分类: J997.12
科图分类:
主题词: 电影业--企业管理--研究--美国
电子资源:
ISBN: 978-7-5217-0990-2
000 01574nam0 2200289 450
001 2151783382
005 20211116142308.29
010    @a978-7-5217-0990-2@dCNY69.00
049    @aO440105GDY@bUCS01009936198@c3004011922
100    @a20200612d2020 em y0chiy0110 ea
101 1  @achi@ceng
102    @aCN@b110000
105    @ay z 000yy
200 1  @a漫威大战DC@9man wei da zhan dc@b专著@e超级IP 50年商业竞争史@dSlugfest: inside the epic, 50-year battle between marvel and DC@f(美)里德·塔克(Reed Tucker)著@g付博文,陈小立译@zeng
210    @a北京@c中信出版社@d2020
215    @a398页@d21cm
312    @a副题名取自封面。
330    @a这是一个关于创新的故事。创新让这两家公司建立起扎实的基础,同时赢得了关键的竞争优势。两次创新的余波,如今依然发挥着作用。两家公司依然保持着高涨的创新热情,毕竟,对于无趣的内容,无论是大人还是小孩都无法被吸引。这本书讲述了漫威与DC半个世纪以来的竞争故事——两家公司一直用明枪暗箭拼抢市场份额,打价格战,变着花样做市场营销,在数十亿美元级别的超级英雄市场上争夺席位。还有的时候,这样的竞争是出自双方的好胜心和对彼此的故意刁难,不仅为了占领主流文化的山头,更为了赢得百万漫迷的肯定。这也是故事最有趣的地方。
510 1  @aSlugfest: inside the epic, 50-year battle between marvel and DC@zeng
517 1  @a超级IP 50年商业竞争史@9chao ji IP 50 nian shang ye jing zheng shi
606 0  @a电影业@x企业管理@x研究@y美国
690    @aJ997.12@v5
701  0 @c(美)@a塔克@9ta ke@c(Reed Tucker)@4著
702  0 @a付博文@9fu bo wen@4译
702  0 @a陈小立@9man wei da zhan dc@4译
801  0 @aCN@b山东中教@c20211112
905    @aZUCC@dJ997.12@e4
    
    漫威大战DC:超级IP 50年商业竞争史=Slugfest: inside the epic, 50-year battle between marvel and DC/(美)里德·塔克(Reed Tucker)著/付博文,陈小立译.-北京:中信出版社,2020
    398页;21cm
    
    
    ISBN 978-7-5217-0990-2:CNY69.00
    这是一个关于创新的故事。创新让这两家公司建立起扎实的基础,同时赢得了关键的竞争优势。两次创新的余波,如今依然发挥着作用。两家公司依然保持着高涨的创新热情,毕竟,对于无趣的内容,无论是大人还是小孩都无法被吸引。这本书讲述了漫威与DC半个世纪以来的竞争故事——两家公司一直用明枪暗箭拼抢市场份额,打价格战,变着花样做市场营销,在数十亿美元级别的超级英雄市场上争夺席位。还有的时候,这样的竞争是出自双方的好胜心和对彼此的故意刁难,不仅为了占领主流文化的山头,更为了赢得百万漫迷的肯定。这也是故事最有趣的地方。
●
相关链接 在五车中查询图书 在当当中查询图书 在豆瓣中查询图书


正题名:漫威大战DC     索取号:J997.12/4         预约/预借

序号 登录号 条形码 馆藏地/架位号 状态 备注
1 2000887770   2000887770   第三书库/ [索取号:J997.12/4] 在馆    
2 2000887771   2000887771   第三书库/ [索取号:J997.12/4] 在馆    
3 2000887772   2000887772   第三书库/ [索取号:J997.12/4] 在馆    
山东省滨州职业学院图书馆 欢迎您!
大连网信软件有限公司© 版权所有